[Event "Muensterland op 32d"]
[Site "Senden"]
[Date "2014.10.12"]
[Round "4"]
[White "Sazanov, Nikolay E"]
[Black "Neuer, Thomas"]
[Result "1-0"]
[WhiteElo "2262"]
[BlackElo "2082"]
[PlyCount "79"]
[EventDate "2014.10.??"]
[EventType "swiss"]
[EventRounds "9"]
[EventCountry "GER"]
[SourceTitle "EXT 2017"]
[Source "ChessBase"]
[SourceDate "2016.10.25"]
[SourceVersion "1"]
[SourceVersionDate "2016.10.25"]
[SourceQuality "1"]

1. d4 e6 2. e3 c5 3. f4 d5 4. c3 Nc6 5. Bd3 g5 6. Nh3 g4 7. Nf2 f5 8. h3 g3 9. Qh5+ Kd7 10. Nd1 Nf6 11. Qe2 c4 12. Bc2 a6 13. a4 Rb8 14. Nd2 b5 15. axb5 axb5 16. Nf3 Bd6 17. b3 Ke7 18. bxc4 bxc4 19. 0-0 Bd7 20. Ne5 Rg8 21. Nb2 Na5 22. Na4 Nb3 23. Bxb3 cxb3 24. Nc5 Qb6 25. Ba3 Bb5 26. c4 dxc4 27. Nxc4 Bxc4 28. Qxc4 Nd5 29. e4 fxe4 30. f5 Qb5 31. Qxb5 Rxb5 32. fxe6 b2 33. Rf7+ Ke8 34. Bxb2 Rxb2 35. Nxe4 Bb8 36. Rd7 Re2 37. Rb1 Bf4 38. Ra1 Bb8 39. Rc1 Nc3 40. Nf6+ 1-0

[Event "Muensterland op 31st"]
[Site "Senden"]
[Date "2013.10.31"]
[Round "6"]
[White "Sazanov, Nikolay E"]
[Black "Mueller, Martin"]
[Result "1-0"]
[WhiteElo "2254"]
[BlackElo "2100"]
[PlyCount "103"]
[EventDate "2013.10.27"]
[EventType "swiss"]
[EventRounds "9"]
[EventCountry "GER"]
[SourceTitle "EXT 2014"]
[Source "ChessBase"]
[SourceDate "2013.11.20"]
[SourceVersion "1"]
[SourceVersionDate "2013.11.20"]
[SourceQuality "1"]

1. d4 Nf6 2. e3 g6 3. f4 Bg7 4. Nf3 0-0 5. c3 d6 6. Bc4 c5 7. 0-0 Qc7 8. Nbd2 Nc6 9. Qe1 e5 10. fxe5 dxe5 11. Qh4 Qe7 12. d5 Na5 13. e4 b6 14. Be2 Nb7 15. Nc4 Nd6 16. Bg5 Nxc4 17. Bxc4 h6 18. Bxh6 Bxh6 19. Qxh6 Ng4 20. Qd2 Qd6 21. h3 Nf6 22. Rae1 Kg7 23. Qg5 Re8 24. Nh4 Rh8 25. Nf5+ Bxf5 26. exf5 Rh5 27. Qg3 Re8 28. Rf3 a6 29. a4 g5 30. Rfe3 Nd7 31. Qg4 Kh6 32. Bxa6 e4 33. Rxe4 Nf6 34. Rxe8 Nxg4 35. R8e6+ fxe6 36. Rxe6+ Qxe6 37. fxe6 Nf6 38. d6 Kg7 39. d7 Rh8 40. Bb7 Nxd7 41. exd7 Kf6 42. Kf2 Ke7 43. Bc6 c4 44. Ke3 Rh4 45. Bf3 Kxd7 46. Bg4+ Kc6 47. Kd4 b5 48. a5 Rh8 49. Bf3+ Kd6 50. a6 Rh7 51. Bb7 Rd7 52. a7 1-0

[Event "Muensterland op 31st"]
[Site "Senden"]
[Date "2013.10.30"]
[Round "5"]
[White "Bub, Volker"]
[Black "Sazanov, Nikolay E"]
[Result "0-1"]
[WhiteElo "2103"]
[BlackElo "2254"]
[PlyCount "120"]
[EventDate "2013.10.27"]
[EventType "swiss"]
[EventRounds "9"]
[EventCountry "GER"]
[SourceTitle "EXT 2014"]
[Source "ChessBase"]
[SourceDate "2013.11.20"]
[SourceVersion "1"]
[SourceVersionDate "2013.11.20"]
[SourceQuality "1"]

1. Nf3 d5 2. g3 e6 3. Bg2 f5 4. c4 Nf6 5. 0-0 c6 6. Qc2 Bd6 7. cxd5 exd5 8. Nd4 Qd7 9. Bh3 g6 10. d3 0-0 11. Nc3 Qg7 12. Nf3 Nbd7 13. Rb1 Ne5 14. Nxe5 Bxe5 15. e3 Qh6 16. Bg2 g5 17. d4 Bd6 18. f4 Ne4 19. b4 a6 20. Na4 Qg7 21. Nb6 Rb8 22. a4 gxf4 23. gxf4 Kh8 24. Nxc8 Rbxc8 25. Kh1 Rg8 26. Bxe4 fxe4 27. Qe2 Rcf8 28. Bd2 Rf6 29. Rg1 Rg6 30. Rxg6 Qxg6 31. Qf2 Be7 32. Rg1 Qxg1+ 33. Qxg1 Rxg1+ 34. Kxg1 Kg7 35. Be1 Kg6 36. h3 b6 37. Kf1 c5 38. bxc5 bxc5 39. dxc5 Bxc5 40. Bf2 Kf5 41. Ke2 Bb6 42. Kd2 d4 43. exd4 Kxf4 44. Ke2 h5 45. Be3+ Kg3 46. d5 Bd8 47. h4 Kxh4 48. Bf4 Kg4 49. Ke3 Kf5 50. Bb8 Bb6+ 51. Ke2 h4 52. Bd6 h3 53. Bh2 Bd4 54. d6 Ke6 55. Kd2 Bc5 56. Kc3 Bxd6 57. Bg1 h2 58. Bxh2 Bxh2 59. Kd4 Kf5 60. a5 Bc7 0-1

[Event "Muensterland op 31st"]
[Site "Senden"]
[Date "2013.10.27"]
[Round "1"]
[White "Schelwokat, Peter"]
[Black "Sazanov, Nikolay E"]
[Result "1/2-1/2"]
[WhiteElo "1951"]
[BlackElo "2254"]
[PlyCount "65"]
[EventDate "2013.10.27"]
[EventType "swiss"]
[EventRounds "9"]
[EventCountry "GER"]
[SourceTitle "EXT 2014"]
[Source "ChessBase"]
[SourceDate "2013.11.20"]
[SourceVersion "1"]
[SourceVersionDate "2013.11.20"]
[SourceQuality "1"]

1. d4 d5 2. c4 e6 3. Nc3 f5 4. Nf3 c6 5. cxd5 exd5 6. Bf4 Bd6 7. Bxd6 Qxd6 8. e3 Nf6 9. Bd3 Ne4 10. Qc2 Nd7 11. a3 a5 12. Rb1 0-0 13. 0-0 Rf6 14. Ne2 Rh6 15. Ng3 Qg6 16. b4 axb4 17. axb4 Ra3 18. Rb3 Rxb3 19. Qxb3 Ndf6 20. Ne5 Qe8 21. Ra1 Nxg3 22. fxg3 Ng4 23. Nxg4 fxg4 24. e4 Rf6 25. e5 Rf8 26. b5 Bd7 27. bxc6 Bxc6 28. Re1 Qe7 29. Qc2 g6 30. Qe2 Qg5 31. e6 Re8 32. Qf2 Rf8 33. Qc2 1/2-1/2

[Event "Muensterland op 30th"]
[Site "Senden"]
[Date "2012.10.06"]
[Round "1"]
[White "Sazanov, Nikolay E"]
[Black "Langhans, Joerg"]
[Result "1-0"]
[WhiteElo "2239"]
[BlackElo "1952"]
[PlyCount "79"]
[EventDate "2012.10.06"]
[EventType "swiss"]
[EventRounds "9"]
[EventCountry "GER"]
[SourceTitle "EXT 2013"]
[Source "ChessBase"]
[SourceDate "2012.11.22"]
[SourceVersion "1"]
[SourceVersionDate "2012.11.22"]
[SourceQuality "1"]

1. d4 d5 2. e3 Nf6 3. Bd3 e6 4. Nd2 c5 5. c3 Nc6 6. f4 Be7 7. Ngf3 b6 8. Ne5 Bd7 9. Qf3 cxd4 10. exd4 Qc7 11. a4 g6 12. Qh3 Rf8 13. Ndf3 0-0-0 14. 0-0 Nh5 15. Nxd7 Rxd7 16. Bb5 Rdd8 17. Ne5 Nxe5 18. fxe5 f5 19. exf6 Rxf6 20. Rxf6 Bxf6 21. Qxe6+ Kb7 22. a5 Rd6 23. Qe2 Qf7 24. axb6 Rxb6 25. Ba6+ Kb8 26. g4 Ng7 27. Bf4+ Ka8 28. Rf1 Qd7 29. b4 h5 30. b5 hxg4 31. Bg3 Ne8 32. Qe3 Bd8 33. Rf8 Re6 34. Qf4 Nd6 35. Bh4 Ne8 36. Bg3 Nd6 37. Rg8 Rf6 38. Qe5 Re6 39. Qxe6 Qxe6 40. Rxd8+ 1-0

[Event "Muensterland op 29th"]
[Site "Senden"]
[Date "2011.10.23"]
[Round "3"]
[White "Sazanov, Nikolay E"]
[Black "Danin, Alexandre"]
[Result "0-1"]
[WhiteElo "2218"]
[BlackElo "2545"]
[PlyCount "72"]
[EventDate "2011.10.21"]
[EventType "swiss"]
[EventRounds "9"]
[EventCountry "GER"]
[SourceTitle "EXT 2012"]
[Source "ChessBase"]
[SourceDate "2011.11.24"]
[SourceVersion "1"]
[SourceVersionDate "2011.11.24"]
[SourceQuality "1"]

1. d4 d6 2. f4 Nf6 3. Nf3 g6 4. e3 Bg7 5. Bc4 c5 6. c3 Qc7 7. 0-0 0-0 8. Nbd2 Nc6 9. Qe1 Rb8 10. a4 cxd4 11. exd4 e6 12. Qh4 Ne7 13. Bd3 Nf5 14. Qe1 b6 15. h3 Nh5 16. Nb3 Nhg3 17. Bxf5 Nxf5 18. g4 Ne7 19. Qh4 f5 20. Bd2 Nd5 21. Rae1 Nf6 22. Ng5 Qc4 23. Nc1 h6 24. b3 Qd5 25. Nf3 Ne4 26. c4 Qb7 27. Ne2 Qf7 28. Bc1 Bb7 29. Bb2 a6 30. Ng3 b5 31. gxf5 exf5 32. Nxe4 Bxe4 33. Nd2 bxc4 34. Nxc4 Rxb3 35. Nxd6 Rxb2 36. Nxe4 Qd5 0-1

[Event "Muensterland op 28th"]
[Site "Senden"]
[Date "2010.10.23"]
[Round "9"]
[White "Sazanov, Nikolay E"]
[Black "Steinle, Carsten"]
[Result "0-1"]
[WhiteElo "2220"]
[BlackElo "2150"]
[PlyCount "70"]
[EventDate "2010.10.16"]
[EventType "swiss"]
[EventRounds "9"]
[EventCountry "GER"]
[SourceTitle "CBM 138 Extra"]
[Source "ChessBase"]
[SourceDate "2010.10.29"]
[SourceVersion "1"]
[SourceVersionDate "2010.10.29"]
[SourceQuality "1"]

1. d4 Nf6 2. e3 d5 3. Bd3 b6 4. c3 e6 5. Nd2 Be7 6. f4 Bb7 7. Ngf3 Nbd7 8. Ne5 Qc8 9. Qf3 Ba6 10. Bc2 c5 11. Qg3 g6 12. Qh3 Qb7 13. Qf3 Rc8 14. g4 Nxe5 15. fxe5 Nd7 16. h4 f6 17. exf6 Nxf6 18. g5 Nh5 19. Qg4 Qd7 20. Nf3 Bd6 21. dxc5 Bg3+ 22. Kd2 0-0 23. a4 Rxf3 24. Qxf3 Rf8 25. Qxf8+ Kxf8 26. Bd3 Bxd3 27. Kxd3 bxc5 28. Bd2 Qb7 29. b4 c4+ 30. Kc2 Be5 31. Rhf1+ Ke8 32. b5 Ng3 33. Rfb1 Qf7 34. e4 Qf3 35. Rd1 Nxe4 0-1

[Event "Muensterland op 28th"]
[Site "Senden"]
[Date "2010.10.22"]
[Round "8"]
[White "Peterwitz, Klaus"]
[Black "Sazanov, Nikolay E"]
[Result "0-1"]
[WhiteElo "2092"]
[BlackElo "2220"]
[PlyCount "68"]
[EventDate "2010.10.16"]
[EventType "swiss"]
[EventRounds "9"]
[EventCountry "GER"]
[SourceTitle "CBM 138 Extra"]
[Source "ChessBase"]
[SourceDate "2010.10.29"]
[SourceVersion "1"]
[SourceVersionDate "2010.10.29"]
[SourceQuality "1"]

1. e4 e6 2. d4 d5 3. Nd2 Nc6 4. Ngf3 Nf6 5. e5 Ne4 6. Bd3 f5 7. exf6 Nxf6 8. c3 Bd6 9. Qe2 0-0 10. Ne5 Ne7 11. Ndf3 c5 12. dxc5 Bxc5 13. Be3 Bd6 14. 0-0 Qc7 15. Bd2 Rb8 16. Rfe1 b5 17. Bxb5 Ne4 18. Bd3 Rxb2 19. Bxe4 dxe4 20. Qxe4 Bxe5 21. Qxe5 Qxe5 22. Rxe5 Rxf3 23. gxf3 Rxd2 24. Rc5 Kf7 25. Rc7 a5 26. Ra7 Rd5 27. c4 Rc5 28. Rb1 Kf6 29. Rb5 Rxc4 30. Raxa5 Bd7 31. Rc5 Rd4 32. Kf1 Nd5 33. Ra8 Nf4 34. Rc1 Bb5+ 0-1

[Event "Muensterland op 28th"]
[Site "Senden"]
[Date "2010.10.20"]
[Round "6"]
[White "Chilla, Jan Eric"]
[Black "Sazanov, Nikolay E"]
[Result "1-0"]
[WhiteElo "2147"]
[BlackElo "2220"]
[PlyCount "79"]
[EventDate "2010.10.16"]
[EventType "swiss"]
[EventRounds "9"]
[EventCountry "GER"]
[SourceTitle "CBM 138 Extra"]
[Source "ChessBase"]
[SourceDate "2010.10.29"]
[SourceVersion "1"]
[SourceVersionDate "2010.10.29"]
[SourceQuality "1"]

1. e4 e6 2. d4 d5 3. Nc3 dxe4 4. Nxe4 b6 5. Nf3 Bb7 6. Bb5+ c6 7. Bd3 Nd7 8. Bf4 Ndf6 9. Nxf6+ gxf6 10. Qe2 Ne7 11. 0-0-0 Nd5 12. Bd2 a5 13. c4 Nb4 14. Bb1 b5 15. a3 Na6 16. cxb5 Nc7 17. Bd3 Nd5 18. Kb1 Bd6 19. Rc1 cxb5 20. Bxb5+ Ke7 21. Nh4 h5 22. Nf5+ Kf8 23. Bh6+ Rxh6 24. Nxh6 Nf4 25. Qc2 Kg7 26. Nxf7 Kxf7 27. Qh7+ Kf8 28. Qh8+ Kf7 29. Qh7+ Kf8 30. Qxb7 Rb8 31. Qc6 h4 32. g3 Rb6 33. Qc8 Qxc8 34. Rxc8+ Ke7 35. a4 Nh3 36. f4 Nf2 37. Re1 Ng4 38. Re8+ Kf7 39. R1xe6 h3 40. Re2 1-0

[Event "Muensterland op 24th"]
[Site "Senden"]
[Date "2006.10.09"]
[Round "4"]
[White "Haub, Thorsten Michael"]
[Black "Sazanov, Nikolay E"]
[Result "1-0"]
[WhiteElo "2474"]
[BlackElo "2217"]
[PlyCount "187"]
[EventDate "2006.10.07"]
[EventType "swiss"]
[EventRounds "9"]
[EventCountry "GER"]
[SourceTitle "CBM 114 Extra"]
[Source "ChessBase"]
[SourceDate "2006.11.03"]
[SourceVersion "1"]
[SourceVersionDate "2006.11.03"]
[SourceQuality "1"]

1. Nf3 d5 2. g3 e6 3. Bg2 f5 4. c4 Nf6 5. Qc2 c6 6. d3 Nbd7 7. 0-0 Bc5 8. Nc3 0-0 9. e4 fxe4 10. dxe4 dxc4 11. e5 Ng4 12. Ng5 g6 13. Nxe6 Rxf2 14. Rxf2 Bxf2+ 15. Qxf2 Qe7 16. Qe2 Qxe6 17. Bf4 g5 18. Bxg5 Ndxe5 19. h3 Nf7 20. Qd2 Qg6 21. Bh4 Nge5 22. Rf1 Bf5 23. g4 Bd3 24. Rf6 Qg7 25. Re6 h5 26. Bf6 Qg6 27. Rxe5 hxg4 28. Rg5 Nxg5 29. Qxg5 gxh3 30. Bxh3 Kf7 31. Qxg6+ Kxg6 32. Bd4 b5 33. Bg2 Rc8 34. Bc5 a5 35. a3 Rb8 36. Bxc6 b4 37. Nd5 c3 38. Nf4+ Kg5 39. Nxd3 cxb2 40. Nxb2 Rc8 41. Be7+ Kh6 42. Ba4 bxa3 43. Bxa3 Kg7 44. Kf2 Kf7 45. Ke2 Ke6 46. Nc4 Ra8 47. Ke3 Rh8 48. Kd4 Rh5 49. Bc6 Rg5 50. Ne3 Rh5 51. Bd5+ Kd7 52. Bf3 Rh4+ 53. Kd5 a4 54. Nc4 Rf4 55. Bg4+ Kd8 56. Ne5 Kc7 57. Bd6+ Kb7 58. Bd7 Rh4 59. Be8 Ka6 60. Kc6 Rh6 61. Nc4 a3 62. Nxa3 Ka5 63. Kc5 Rh8 64. Bd7 Rh5+ 65. Kc4 Rh4+ 66. Kc3 Rh1 67. Nc4+ Ka6 68. Bc6 Rc1+ 69. Kb4 Rb1+ 70. Kc5 Rc1 71. Bd5 Rc2 72. Kc6 Rc1 73. Bc5 Rh1 74. Nd6 Rh6 75. Bc4+ Ka5 76. Bb3 Ka6 77. Be3 Rg6 78. Bc2 Re6 79. Bg5 Re1 80. Bd3+ Ka7 81. Kc7 Re5 82. Ne4 Ka8 83. Bf6 Rf5 84. Bd8 Rh5 85. Bc4 Rh1 86. Nc5 Rc1 87. Bd5+ Ka7 88. Kc6 Rc2 89. Be7 Kb8 90. Be6 Ka7 91. Kc7 Ka8 92. Bd6 Rxc5+ 93. Kb6 Rh5 94. Bd7 1-0

[Event "Muensterland op 24th"]
[Site "Senden"]
[Date "2006.10.08"]
[Round "3"]
[White "Sazanov, Nikolay E"]
[Black "Bienhuels, Michael"]
[Result "1-0"]
[WhiteElo "2217"]
[BlackElo "2050"]
[PlyCount "59"]
[EventDate "2006.10.07"]
[EventType "swiss"]
[EventRounds "9"]
[EventCountry "GER"]
[SourceTitle "CBM 114 Extra"]
[Source "ChessBase"]
[SourceDate "2006.11.03"]
[SourceVersion "1"]
[SourceVersionDate "2006.11.03"]
[SourceQuality "1"]

1. d4 Nf6 2. e3 g6 3. f4 d6 4. Nf3 Bg7 5. Bc4 0-0 6. 0-0 Bf5 7. c3 Nbd7 8. Nbd2 e5 9. fxe5 dxe5 10. Qe1 exd4 11. exd4 Nb6 12. Ne5 Nxc4 13. Ndxc4 Ng4 14. Qg3 Nxe5 15. Nxe5 f6 16. Nf3 g5 17. h4 h6 18. Nh2 Bg6 19. Rf2 Qd7 20. Bd2 Rae8 21. Raf1 Re4 22. Bf4 c6 23. Bd6 Rd8 24. Rxf6 Bxf6 25. Rxf6 Re6 26. Be5 Rxf6 27. Bxf6 Rf8 28. hxg5 hxg5 29. Ng4 Qh7 30. Bxg5 1-0

[Event "Sportland NRW Cup"]
[Site "Senden"]
[Date "2001.10.21"]
[Round "9"]
[White "Sazanov, Nikolay E"]
[Black "Schuh, Dirk"]
[Result "0-1"]
[WhiteElo "2192"]
[BlackElo "2182"]
[PlyCount "50"]
[EventDate "2001.10.13"]
[EventType "swiss"]
[EventRounds "9"]
[EventCountry "GER"]
[SourceTitle "CBM 084 Extra"]
[Source "ChessBase"]
[SourceDate "2001.10.26"]
[SourceVersion "1"]
[SourceVersionDate "2001.10.26"]
[SourceQuality "1"]

1. d4 d5 2. e3 Nf6 3. c3 c5 4. dxc5 e6 5. b4 a5 6. Qb3 b6 7. cxb6 Qxb6 8. b5 a4 9. Qc2 Nbd7 10. Nf3 Bd6 11. c4 Bb7 12. Nc3 dxc4 13. Bd2 0-0 14. Be2 Rfc8 15. 0-0 Nc5 16. Rab1 Nfe4 17. Bxc4 Nxc3 18. Qxc3 Nd7 19. Qd3 Bxf3 20. gxf3 Ne5 21. Qe4 Nxc4 22. Bc3 Rab8 23. Bd4 Qb7 24. Qg4 f5 25. Qg5 Nd2 0-1

[Event "Sportland NRW Cup"]
[Site "Senden"]
[Date "2001.10.20"]
[Round "8"]
[White "Sazanov, Nikolay E"]
[Black "Fontaine, Robert"]
[Result "1-0"]
[WhiteElo "2192"]
[BlackElo "2482"]
[PlyCount "135"]
[EventDate "2001.10.13"]
[EventType "swiss"]
[EventRounds "9"]
[EventCountry "GER"]
[SourceTitle "CBM 084 Extra"]
[Source "ChessBase"]
[SourceDate "2001.10.26"]
[SourceVersion "1"]
[SourceVersionDate "2001.10.26"]
[SourceQuality "1"]

1. d4 d5 2. e3 Nf6 3. Bd3 c5 4. c3 Nc6 5. f4 Bg4 6. Nf3 e6 7. 0-0 Bd6 8. Qe1 Bf5 9. Be2 h6 10. Ne5 Qc7 11. Nd2 0-0-0 12. Bb5 Nb8 13. b3 cxd4 14. cxd4 a6 15. Be2 b6 16. Bb2 Kb7 17. Bf3 Ka7 18. Rc1 Qb7 19. Qg3 g5 20. Ndc4 g4 21. Nxd6 Rxd6 22. Qh4 gxf3 23. Qxf6 fxg2 24. Rf2 Rg8 25. Qxf7 Qxf7 26. Nxf7 Rc6 27. Rxc6 Nxc6 28. Nxh6 Re8 29. Ba3 Be4 30. Nf7 Rg8 31. Ng5 Bf5 32. Rxg2 Kb7 33. Kf2 a5 34. h4 Rh8 35. Nf3 Nb4 36. Bxb4 axb4 37. Rh2 Kc7 38. h5 Kd6 39. h6 Ke7 40. Ng5 Kf6 41. h7 Kg7 42. e4 dxe4 43. Ke3 Rc8 44. h8Q+ Rxh8 45. Rxh8 Kxh8 46. Nf7+ Kg7 47. Ne5 Kf6 48. Nc6 Bg6 49. Nxb4 Ke7 50. Nc6+ Kd6 51. Ne5 Bf5 52. a4 Kd5 53. Nc4 Kc6 54. b4 Bh7 55. b5+ Kc7 56. Nd2 Bg6 57. Nxe4 Bh5 58. d5 exd5 59. Nf6 Bd1 60. Nxd5+ Kd6 61. Nc3 Bb3 62. Ke4 Kc5 63. f5 Bg8 64. f6 Kb4 65. Kf5 Bf7 66. Ne4 Kxa4 67. Nd6 Bb3 68. Kg6 1-0